000 00651nam a2200193Ia 4500
003 GCL
008 140319s9999 xx 000 0 ara d
020 _a1420599901
040 _aGCL /
_cGCL
082 0 4 _a379.537
_bح ت
100 1 _aحسين اسماعيل
245 1 0 _aالتعليم فى البحرين /
_cحسين اسماعيل
260 _aالبحرين :
_bالدار البحرينية للكتاب ،
_c2004
300 _a72 ص ؛
_c20 سم
490 _aالسلسلة البحرينية الميسرة
_v2
650 0 4 _aالتعليم - البحرين
650 0 4 _aالتعليم - تطوير - البحرين
942 _2ddc
_cBK
999 _c9072
_d9072